ბათუმის შოთა რუსთაველის სახელმწიფო უნივერსიტეტის ბიბლიოთეკა

ტექსტის ლინგვისტიკასთან დაკავშირებული პრობლემატიკა (ბიბ.ჩანაწერი № 34683)

000 -LEADER
fixed length control field 00846nam a2200229Ia 4500
001 - CONTROL NUMBER
control field 468
003 - CONTROL NUMBER IDENTIFIER
control field GE_BSU
008 - FIXED-LENGTH DATA ELEMENTS--GENERAL INFORMATION
fixed length control field 181216s||||||||xx |||||||||||||| ||und||
020 ## - INTERNATIONAL STANDARD BOOK NUMBER
International Standard Book Number 9789941409820
040 ## - CATALOGING SOURCE
Transcribing agency GE_BSU
080 ## - UNIVERSAL DECIMAL CLASSIFICATION NUMBER
Universal Decimal Classification number 811.111
100 ## - MAIN ENTRY--PERSONAL NAME
Personal name დვალიძე, ნინო
245 ## - TITLE STATEMENT
Title ტექსტის ლინგვისტიკასთან დაკავშირებული პრობლემატიკა
245 ## - TITLE STATEMENT
Statement of responsibility, etc. ბათუმი შოთა რუსთაველის სახელმწ. უნ-ტი
260 ## - PUBLICATION, DISTRIBUTION, ETC.
Place of publication, distribution, etc. ბათუმი
260 ## - PUBLICATION, DISTRIBUTION, ETC.
Name of publisher, distributor, etc. შოთა რუსთაველის სახელმწ. უნ-ტი
260 ## - PUBLICATION, DISTRIBUTION, ETC.
Date of publication, distribution, etc. 2009
300 ## - PHYSICAL DESCRIPTION
Extent 119 გვ.
653 ## - INDEX TERM--UNCONTROLLED
Uncontrolled term ტექსტის ლინგვისტიკა;
942 ## - ADDED ENTRY ELEMENTS (KOHA)
Koha item type წიგნი
ეგზემპლარები
Withdrawn status Lost status Damaged status Not for loan Date acquired Barcode Date last seen Price effective from Koha item type
        2018-12-17 1511 2018-12-17 2018-12-17 წიგნი
        2018-12-17 1512 2018-12-17 2018-12-17 წიგნი